E três maçãs caíram do céu (Registo nº 199446)

Detalhes MARC
000 -Etiqueta do registo
Valores 00566nam 22001933 4500
010 ## - Número ISBN
ISBN 978-972-23-7295-4
021 ## - Número do Depósito Legal
Número 523733/24
100 ## - Dados gerais de processamento
Dados gerais 20251209d u||y0pory50 ba
200 ## - Titulo e menção de responsabilidade
Título próprio E três maçãs caíram do céu
Primeira menção de responsabilidade Nariné Abgarian
Outras menções de responsabilidade tradução de Nina Guerra e Filipe Guerra
205 ## - Menção da edição
Edição
210 ## - Publicação
Local de publicação Lisboa
Nome do editor Editorial Presença
Data de publicação 2024
215 ## - Descrição física 
Paginação / Volumes 246 p.
Outras indicações físicas brochado
Dimensões 23 cm
606 ## - Nome comum usado como assunto
ID Autoridade 11
Palavra de ordem Literatura Russa
700 ## - Autor principal (pessoa individual)
ID Autoridade 15305
Apelido Abgarian
Nome Nariné
801 ## - Fonte de origem
País PT
Agência BMMN
Regras de catalogação RPC
830 ## - Notas gerais do catalogador
Criado por Fernando
Indexado por Fernando
990 ## - Elementos KOHA
Tipo de documento Livro
Exemplares
Situação do levantamento Biblioteca de origem Código de barras Cota Permissão de empréstimo Tipo de documento Forma de aquisição
  Biblioteca Municipal de Montemor-o-Novo 28297 821.161.1-3 ABG|LG   Livro Compra

Powered by Koha